Statistiques concernant Identités remarquables

Cliquez ici pour prendre le quiz!

Statistiques générales

  • Ce quiz a été pris 32 fois
  • Le résultat moyen est 6 sur 9

Statistiques - réponses

ÉquationSolution% Correct
(a-b)²a²-2ab+b² |a^2-2ab+b^2
100%
(a+b)²a²+2ab+b² |a^2+2ab+b^2
96%
(a+b)(a-b)a²-b² |a^2-b^2
96%
(a+b)²-(a-b)²4ab
61%
(a+b)²+(a-b)²2a²+2b² |2a^2+2b^2
57%
(a+b)²+(a+b)(a-b)2a²+2ab |2a^2+2ab
46%
(a-b)²+(a+b)(a-b)2a²-2ab |2a^2-2ab
43%
(a+b)²-(a+b)(a-b)2ab+2b² |2ab+2b^2
43%
(a-b)²-(a+b)(a-b)-2ab+2b² | 2b²-2ab |2b^2-2ab |-2ab+2b^2
43%

Distribution des résultats

Percentile par nombre de réponses

% des personnes avec chaque résultat

Votre développement - résultats

Vous n’avez pas pris ce quiz